J. Cole - Wszystkie albumy - Statystyki

Ogólne statystyki
  • Ten quiz został rozwiązany 15 razy
    6 od ostatniego zresetowania
  • Średni wynik to 9 z 13
Statystyki odpowiedzi
Hint Odpowiedź % Poprawnych
2026 The Fall-Off
100%
2013 Born Sinner
83%
2011 Cole World: The Sideline Story
83%
2018 KOD
83%
2024 Might Delete Later
83%
2021 The Off-Season
83%
2014 2014 Forest Hills Drive
67%
2016 4 Your Eyez Only
67%
2010 Friday Night Lights
67%
2007 The Come Up Mixtape Vol. 1
50%
2009 The Warm Up
50%
2019 Revenge Of The Dreamers III
33%
2022 D-Day: A Gangsta Grillz Mixtape
17%
Nie znaleziono quizów pasujących do podanych kryteriów
Rozkład punktacji
Procent ludzi z każdym wynikiem
Percentyl według liczby udzielonych odpowiedzi
Twoja historia wyników
Nie rozwiązałeś tego quizu od ostatniego zresetowania